[Event "Morelia/Linares 25th"]
[Site "Morelia/Linares"]
[Date "2008.02.17"]
[Round "3"]
[White "Topalov, Veselin"]
[Black "Ivanchuk, Vassily"]
[Result "1-0"]
[WhiteElo "2780"]
[BlackElo "2751"]
[Annotator "Ftacnik,L"]
[PlyCount "91"]
[EventDate "2008.02.15"]
[EventType "tourn"]
[EventRounds "14"]
[EventCountry "ESP"]
[EventCategory "21"]
[SourceTitle "CBM 123"]
[Source "ChessBase"]
[SourceDate "2008.04.02"]
[SourceVersion "1"]
[SourceVersionDate "2008.04.02"]
[SourceQuality "1"]

1. e4 c5 2. Nf3 d6 3. d4 cxd4 4. Nxd4 Nf6 5. Nc3 a6 6. Be3 e5 7. Nb3 Be6 8. f3
Nbd7 9. g4 b5 10. g5 b4 11. Nd5 Nxd5 12. exd5 Bf5 13. Bd3 Bxd3 14. Qxd3 Be7 15.
h4 a5 $146 {Ivanchuk adds a new twist to this well known position. White was
planning long castling so Black's novelty hopes to start activity on the
queenside as soon as possible.} (15... O-O 16. O-O-O a5 17. Nd2 a4 (17... f5
18. Kb1 (18. gxf6 Nxf6 19. h5 Qc8 20. h6 g6 21. Rhg1 Kh8 22. f4 Ng4 23. fxe5
Nxe5 24. Bd4 Bf6 {1/2 Shirov,A (2726)-Svidler,P (2713)/Wijk aan Zee 1999 (41)})
18... Qc8 (18... Qc7 19. Nc4 a4 20. Rhf1 g6 21. b3 Rfe8 22. f4 Bf8 23. h5 exf4
24. Rxf4 Bg7 {1/2 Anand,V (2803)-Bu Xiangzhi (2640)/Turin 2006 (40)}) 19. f4
Qa6 20. Qxa6 Rxa6 21. Nc4 Rc8 22. b3 Bd8 23. Rhe1 Kf7 24. Bc1 Rxc4 25. bxc4 e4
26. Bb2 Bb6 27. Re2 Bc5 {1/2 Ponomariov,R (2743)-Anand,V (2755)/Mainz 2002 (40)
}) 18. Kb1 f5 19. f4 Qc7 20. Nc4 exf4 21. Bd4 Nc5 22. Bxc5 Qxc5 23. Rhf1 Rfe8
24. Rxf4 g6 25. Qd4 Qxd4 26. Rfxd4 h6 27. Rg1 {1/2 Leko,P (2743)-Kasparov,G 
(2838)/Bled 2002 (54)}) 16. a3 a4 (16... Qb8 17. axb4 a4 18. Nd2 Qxb4 19. Qa3
Qb7 $13) (16... O-O 17. axb4 axb4 18. Rxa8 Qxa8 19. O-O $14) 17. Nd2 Rb8 (17...
bxa3 18. Rxa3 O-O 19. Nc4 f5 $13) 18. axb4 Rxb4 19. Qa3 Qb8 {The defender is
fighting without the help of the best moves. It seems reasonable to believe
that queen had to go to a5, also hitting the vulnerable d5-pawn.} (19... Qa5 $1
20. c3 Rb8 21. Qxa4 Qxd5 22. b3 Rc8 $13) 20. c3 $1 Rxb2 21. Qxa4 Rb7 $6 (21...
h6 22. gxh6 gxh6 23. Nc4 Rb5 24. Ke2 $14) 22. Ke2 $1 Rc7 $2 {The loss of a
tempo is what actually seals Black's fate. The rook is actually not exercising
real pressure along the c-file.} (22... O-O 23. Rhb1 Rc8 (23... Nc5 24. Rxb7
Qxb7 25. Qc6 Qb2 (25... Qxc6 26. dxc6 Rc8 27. Ra7 Bf8 28. Bxc5 dxc5 29. Ra6 $16
) 26. Ra7 Bd8 27. Qxd6 $16) 24. Rxb7 Qxb7 25. Qa7 Rc7 26. Qxb7 Rxb7 27. Ra8+
Nf8 28. f4 $16) 23. Rhb1 Qc8 (23... Rb7 $2 24. Qc6 $18) 24. Bb6 $1 Rb7 (24...
Rxc3 25. Ne4 Rc4 (25... Rc2+ 26. Kd3 $18) 26. Rc1 Rxc1 27. Rxc1 Qxc1 (27... Qb8
28. Rc7 O-O 29. Qxd7 Qxb6 30. Qxe7 $18) 28. Qa8+ Nb8 29. Qxb8+ Kd7 30. Nc5+
Qxc5 31. Qa7+ $18) 25. Ba7 {Suddenly Ivanchuk is facing the whole white army
without the chance to use the help of the h8-rook.} e4 (25... f6 26. Rxb7 Qxb7
27. Qc6 Qxc6 28. dxc6 Kf7 29. cxd7 $18) 26. fxe4 (26. Rxb7 exf3+ 27. Ke3 Qxb7
28. Qc6 Qxc6 29. dxc6 Ne5 $14) 26... Rxb1 27. Rxb1 O-O 28. Qc6 Ne5 {At least
the second player is not losing outright.} (28... Rd8 $2 29. Rb7 $18) 29. Qxc8
Rxc8 30. Rb8 {Topalov prefers to simplify with a rook exchange in order to
prevent any real counterplay.} (30. Rb7 Kf8 31. Bd4 f6 32. Nf3 $16) 30... Rxb8
31. Bxb8 Kf8 {Unfortunatelly Black is unable to survive with the help of
keeping the knight on e5.} (31... f6 32. gxf6 gxf6 33. Nf3 Kf7 34. Nxe5+ fxe5
35. h5 Kf6 36. c4 Kg5 37. c5 dxc5 38. Bxe5 $18) 32. Nf3 Ng6 (32... Nxf3 33.
Kxf3 Ke8 (33... f6 34. gxf6 gxf6 35. Kf4 $18) 34. e5 $18) 33. c4 Ke8 (33... f6
34. Ke3 Ke8 35. h5 Nf8 36. h6 gxh6 37. gxf6 Nd7 38. fxe7 Nxb8 39. c5 Kxe7 40.
cxd6+ Kxd6 41. Kd4 $18) 34. e5 $1 {The key part of White's plan is to unleash
the power of the c4-d5 pawn pair.} Kd7 (34... dxe5 35. Bxe5 Nxe5 36. Nxe5 f6
37. g6 hxg6 38. Nxg6 $18) (34... Nxe5 35. Nxe5 dxe5 36. Bxe5 f6 37. gxf6 gxf6
38. Bd4 $18) 35. Kd3 h6 (35... Nxe5+ 36. Nxe5+ dxe5 37. Bxe5 $18) 36. exd6 Bxd6
37. Bxd6 Kxd6 38. gxh6 gxh6 39. Kd4 {Knight endgames are often compared to
simple king pawn positions. Black has no compensation for his plight.} f6 40.
c5+ Kd7 41. Ke4 (41. c6+ Kd6 42. Nd2 Kc7 43. Nc4 $18) 41... h5 42. d6 Ke6 43.
Nd4+ Kd7 44. Nf5 {Topalov keeps the h4-pawn on the board, the battle is over.}
(44. Kf5 Nxh4+ 45. Kxf6 Ng2 46. Ke5 $18) 44... Ne5 (44... Ke6 45. c6 Nxh4 46.
c7 $18) 45. Kd5 Nc6 46. Nd4 (46. Nd4 Nb4+ 47. Kc4 Na6 (47... Na2 48. Ne2 $18)
48. Kb5 Nb8 49. Kb6 $18) 1-0

[Event "Morelia/Linares 25th"]
[Site "Morelia/Linares"]
[Date "2008.03.03"]
[Round "11"]
[White "Topalov, Veselin"]
[Black "Shirov, Alexei"]
[Result "1-0"]
[WhiteElo "2780"]
[BlackElo "2755"]
[Annotator "Krasenkow,M"]
[PlyCount "67"]
[EventDate "2008.02.15"]
[EventType "tourn"]
[EventRounds "14"]
[EventCountry "ESP"]
[EventCategory "21"]
[SourceTitle "CBM 123"]
[Source "ChessBase"]
[SourceDate "2008.04.02"]
[SourceVersion "1"]
[SourceVersionDate "2008.04.02"]
[SourceQuality "1"]

1. d4 Nf6 2. c4 g6 3. Nc3 d5 4. cxd5 Nxd5 5. e4 Nxc3 6. bxc3 Bg7 7. Bc4 O-O 8.
Ne2 c5 9. O-O Nc6 10. Be3 Bg4 11. f3 Na5 12. Bd3 cxd4 13. cxd4 Be6 14. d5 Bxa1
15. Qxa1 f6 16. Qd4 Bf7 17. Bh6 Re8 18. Bb5 e5 19. Qf2 Re7 20. Bd3 $5 $146 {
[%cal Yf3f4][%mdl 8] Another new idea of Topalov's team. Recent theoretical
discussions were concentrated on} (20. f4 exf4 21. Qxf4 Qb6+ 22. Kh1 Bxd5 23.
exd5 Qxb5 24. Qxf6 Qe8 25. Qd4 {see - Topalov - Shirov in CBM 117, which
Topalov brilliantly won, and Aronian - Shirov (CBM 119), where Alexey
demonstrated a way to equality.}) 20... Rc8 (20... Rc7 $5 21. f4 Qe7 {is
another way of consolidation, which may be tested in future.}) 21. f4 Nc4 22.
fxe5 Nxe5 $6 (22... Rxe5 $1 {looks stronger, e.g.} 23. Qxa7 (23. Bf4 Re7 24.
Qxa7 Ne5) 23... Nd6 24. Bf4 Rxe4 $1 25. Bxd6 Rxe2 26. Bxe2 Qxd6 27. Qxb7 (27.
Bf3 b6 $15) 27... Qc5+ 28. Kh1 Bxd5 $15 {It would be interesting to know what
Topalov had prepared in that case.}) 23. Qxf6 Bxd5 (23... Qb6+ 24. Qxb6 axb6 {
, although not very pleasant, was apparently better than the text, e.g.} 25.
Bg5 Rec7 26. Bb1 Be8 $1 27. Bf4 Bb5 $1 28. Bxe5 Rc5 {regaining the piece with
good drawing chances.}) 24. exd5 Ng4 25. Qf4 Nxh6 26. Qxh6 Qb6+ $2 {[%mdl 8192]
A strange blunder.} (26... Qxd5 {was necessary but with the queens on the
board Black's life is far from easy.}) 27. Kh1 Qe3 28. Qh4 {It looks like
Black overlooked this simple move but the mysterious thing is that even after}
(28. Qxe3 Rxe3 29. Rd1 {I don't see equality for him.}) 28... Re5 $2 {[%mdl
8192] Collapsing immediately.} (28... Rf8 $142 $1 29. Rxf8+ (29. Rg1 $5) 29...
Kxf8 30. Qc4 {and White should gradually win} ({but not} 30. Qf6+ $4 Rf7 31.
Qh8+ Ke7)) 29. Qf6 Ree8 30. Bxg6 hxg6 31. Qxg6+ Kh8 32. Qf6+ Kh7 33. Qf7+ Kh8
34. Nf4 (34. Nf4 Rg8 35. Qh5+ Kg7 36. Qg6+ $18) 1-0

[Event "Morelia/Linares 25th"]
[Site "Morelia/Linares"]
[Date "2008.03.06"]
[Round "13"]
[White "Topalov, Veselin"]
[Black "Leko, Peter"]
[Result "1-0"]
[WhiteElo "2780"]
[BlackElo "2753"]
[Annotator "Marin,M"]
[PlyCount "95"]
[EventDate "2008.02.15"]
[EventType "tourn"]
[EventRounds "14"]
[EventCountry "ESP"]
[EventCategory "21"]
[SourceTitle "CBM 123"]
[Source "ChessBase"]
[SourceDate "2008.04.02"]
[SourceVersion "1"]
[SourceVersionDate "2008.04.02"]
[SourceQuality "1"]

1. e4 e5 2. Nf3 Nc6 3. Bb5 a6 4. Ba4 Nf6 5. O-O Be7 6. Re1 b5 7. Bb3 O-O 8. h3
Bb7 9. d3 d5 10. exd5 Nxd5 11. c3 Qd7 $5 {This move is not new, but it
deviates from two recent games played at top level.} (11... Qd6 {Kamsky,G 
(2705)-Bacrot,E (2709)/Elista 2007/CBM 119/[Marin,M] (1-0, 36)}) (11... Bf6 {
Grischuk,A (2726)-Aronian,L (2750)/Mexico City 2007/CBM 120/[Marin,M] (1/2-1/2,
31)}) 12. Nxe5 Nxe5 13. Rxe5 Rad8 14. Qg4 f5 15. Qg3 $5 $146 {[%cal Gc1g5] A
logical novelty. White creates the strategic threat of exchanging the
dark-squared bishops with Bg5, when the weakness of the e5-square would become
quite relevant.} (15. Qh5 Bf6 16. Re1 (16. Rxf5 g6 17. Rxd5 Bxd5 18. Qxd5+ Qxd5
19. Bxd5+ Rxd5 20. d4 c5 $17 {Giorgadze}) 16... Kh8 $44 {Zagrebelny,S (2480)
-Giorgadze,G (2580)/Yerevan 1996/EXT 97 (0-1, 25)}) (15. Qf3 c5 $1 $36 {
[%csl Gb7][%cal Gb7f3] Giorgadze}) 15... Bf6 (15... c5 16. Bg5 $14 {Now,} f4 {
just loses another pawn with} 17. Bxd5+ (17. Bxf4 $2 c4 $1 $19 18. Bh6 $140 Bf6
) 17... Bxd5 18. Bxf4 {, when Black probably has compensation for one of them,
but not for both!}) 16. Re1 Kh8 $1 17. Nd2 ({After the king's removal from the
dangerous diagonal,} 17. Bg5 $6 {could already be met with} f4 $1 18. Qh4 f3
$36) 17... b4 $1 {The most logical way to set up pressure on White's position.}
({Completing the development with} 17... Rfe8 {would imply moving for the
second time with an already developed piece after} 18. Rxe8+ {, for instance}
Rxe8 19. Nf3 {and White only needs to play Bg5 to get a firm grip on the
position.}) 18. Nf3 {The most principled continuation. White continues the
mobilization of his forces, at the cost of returning the extra pawn.} (18. cxb4
Nxb4 $15 {[%csl Gd3]}) ({Although it looks "ugly",} 18. c4 {[%csl Rb3,Rd4]
deserves being investigated.} Ne7 {[%cal Ge7c6,Ge7g6]} 19. Nf3 f4 $1 (19... Nc6
20. Bg5 $14) (19... Qxd3 20. Bf4 {[%cal Ga1d1]} Bxf3 $8 21. gxf3 Ng6 22. Rad1
Nxf4 $8 23. Rxd3 (23. Qxf4 Rd4 24. Qg3 f4 25. Qg4 Qg6) 23... Nxd3 24. Re6 $14)
20. Qg4 (20. Bxf4 Bxf3 {[%csl Rb3][%cal Gf6b2]}) 20... Ng6 21. Bc2 Qxg4 22.
hxg4 Bxf3 23. gxf3 Nh4 $15) 18... bxc3 19. d4 f4 20. Qg4 Qxg4 21. hxg4 {
[%cal Gg4g5]} g5 $6 {Leko stabilizes his bishop on f6, but allows White an
essential tempo to consolidate.} ({His only chance to achieve full equality
consisted of} 21... c5 $1 $132 {, opening new perspectives for his bishop.} 22.
bxc3 Nxc3 23. Ba3 Bxf3 24. gxf3 Bxd4 $15) 22. Ne5 Kg7 ({It is too late for} 
22... c5 $6 {already:} 23. bxc3 Nxc3 24. Ba3 $16) 23. bxc3 Nxc3 24. Bb2 Nd5 25.
Rac1 Rfe8 26. Ba3 $14 {The position has been stabilized completely, but White
has the more active position (espacially if we refer to the minor pieces). The
c7-pawn is weaker than the d4-pawn and the black king more exposed than its
counterpart.} Re6 27. Rc2 Be7 28. Bxd5 Bxd5 29. Rxc7 Re8 30. Rd7 Bxa2 31. Rc1
Kg8 32. Rcc7 Bf6 33. Nc6 Re1+ 34. Kh2 Be6 35. Rd6 Bg7 36. Ne7+ Kh8 37. Nf5 Bf8
38. Rxa6 Bxf5 39. Bxf8 Rxf8 40. gxf5 Kg8 41. f6 Re4 42. Rg7+ Kh8 43. Re7 Rxe7
44. fxe7 Re8 45. Ra7 Kg7 46. d5 Kf7 47. d6 Rb8 48. Rc7 1-0

[Event "Sofia MTel Masters 4th"]
[Site "Sofia"]
[Date "2008.05.10"]
[Round "3"]
[White "Cheparinov, Ivan"]
[Black "Topalov, Veselin"]
[Result "0-1"]
[WhiteElo "2696"]
[BlackElo "2767"]
[Annotator "Postny,E"]
[PlyCount "75"]
[EventDate "2008.05.08"]
[EventType "tourn"]
[EventRounds "10"]
[EventCountry "BUL"]
[EventCategory "20"]
[SourceTitle "CBM 124"]
[Source "ChessBase"]
[SourceDate "2008.05.28"]
[SourceVersion "1"]
[SourceVersionDate "2008.05.28"]
[SourceQuality "1"]

1. e4 e6 2. d4 d5 3. Nc3 Nf6 4. e5 Nfd7 5. f4 c5 6. Nf3 Nc6 7. Be3 a6 {It is
curious that Topalov follows the opening line which he played in previous
round ... as White against Vassily Ivanchuk.} 8. Ne2 {Not a common move. I
guess that Chepatrinov wanted to deviate both from the main line 8.Qd2 and
from the game Topalov-Ivanchuk played in the 2nd round.} (8. a3 cxd4 9. Nxd4
Bc5 10. Be2 O-O 11. Qd2 Qc7 12. Bf3 Nxd4 13. Bxd4 Nb6 14. Ne2 Bxd4 15. Qxd4 Bd7
$11 {0-1 Topalov,V (2767)-Ivanchuk,V (2740)/Sofia BUL 2008/The Week in Chess
705 (43)}) ({The main theoretical line is} 8. Qd2 b5 9. a3 {and here Black can
try out Morozevich's idea} g5 $5) 8... Be7 {This move hadn't appeared on the
top level beforehand. Probably Topalov was trying to deviate from the main
lines which were definitely analysed by Cheparinov, especially after the game
Topalov-Morozevich which was played in Morelia/Linares 2007.} (8... Qb6 9. Qc1
g5 $5 (9... f6 $5 {is a serious alternative suggested by Mihail Marin.} 10. c3
Be7 11. g3 O-O $132) 10. c3 cxd4 11. cxd4 Bb4+ 12. Kf2 f6 13. g3 Rf8 14. Kg2 g4
15. Nh4 $14 {1-0 Topalov,V (2783)-Morozevich,A (2741)/Morelia/Linares 2007/CBM
117 (48)}) 9. c3 O-O 10. g3 cxd4 11. Nexd4 (11. cxd4 Nb6 12. b3 Bd7 {and Black
will slowly, but surely develop his play on the queenside. Meanwhile, White's
attacking chances on the kingside are murky.}) 11... Nc5 {The knight is
heading to e4. It can be concluded that Black has solved his opening problems,
the position is equal.} 12. Bg2 Bd7 (12... f6 $6 {would play into White's
hands.} 13. exf6 Rxf6 14. O-O $16 {and after the exchange on c6 followed by
Be3-d4 White will be in possession of an initiative.}) 13. O-O Rc8 14. Kh1 Ne4
({It was possible to go for knight moves on the queenside straight away:} 14...
Na5 {[%cal Ga5c4]} 15. Nd2 Na4 16. Rb1 (16. Qc2 $2 {[%tqu "En","How can Black
win material?","","","e7a3","",10]} Ba3 $1 17. bxa3 Rxc3 $19 {[%csl Rc2,Re3]})
16... Nb6 17. f5 Nac4 18. Nxc4 Nxc4 19. Bf4 exf5 20. Bxd5 Rc5 21. Bxb7 Qc7 22.
Bxa6 Nxe5 $44) 15. Nxc6 $1 {Eliminating the knight before it comes via a5 to
c4.} bxc6 16. c4 a5 $6 {I don't like this move, since it takes an important
square from black's queen.} (16... Qa5 17. Qc2 Rb8 {looks more to the point.})
17. Qc2 g6 18. Rad1 Nc5 19. Nd4 {Black's only active piece is driven away from
it's outpost. White is clearly better. His plan is an assault against the
black monarch.} Qc7 {Eyeing the Pe5. However, it does not really prevent from
White his natural attacking plan by f4-f5.} 20. g4 Rfd8 $6 {Topalov does not
sense the danger. Moving away the rook from the f-file makes Black's king more
vulnerable.} (20... f6 21. exf6 Bxf6 22. cxd5 cxd5 23. f5 gxf5 24. gxf5 Kh8 25.
fxe6 Nxe6 26. Qd2 Bg7 27. Bxd5 Qe5 {Black is a pawn down but, after the
forthcoming massive simplifications his chances for a draw are reasonable.
This is because very few pawns are left on the board.}) 21. Qf2 Be8 (21... dxc4
22. f5 exf5 23. gxf5 Qxe5 24. fxg6 fxg6 25. Qf7+ Kh8 26. Ne6 Nxe6 27. Qxe7 Qxe3
28. Rf7 Kg8 29. Rg7+ Nxg7 30. Qxe3 $16) 22. f5 $1 {Everything is ready for an
assault.} Qxe5 ({White gets a strong attack also after} 22... exf5 23. Nxf5 $1
gxf5 24. gxf5 {[%csl Rc5,Rg8][%cal Gf2g3,Gf5f6]}) 23. fxe6 $2 {It is logical
to open the f-file. However, It would have been far stronger to start with the
tempting move 23.Nf3 followed by 24.fxg6, not allowing Black's knight to join
the defence.} (23. Nf3 $1 Qd6 24. fxg6 {All the variations show that Black
does not have a satisfactory defence.} fxg6 (24... hxg6 25. Ng5 f6 (25... Bxg5
26. Bxg5 $40) 26. Bxc5 Qxc5 27. Qxc5 Bxc5 28. Nxe6 $18) 25. Ng5 Nd7 (25... Bxg5
26. Bxc5 Bh4 27. Qg1 Qc7 28. Qe3 Bf7 29. Qh6 g5 30. Qf6 $18 {[%cal Gc5d4,Gc5e7]
}) (25... e5 26. Qh4 Bxg5 27. Bxg5 Rd7 28. Rf6 Ne6 29. c5 $1 $18) 26. Nf7 Bxf7
27. Qxf7+ Kh8 28. Bf4 e5 29. Bh6 Rg8 30. cxd5 c5 31. Qe6 $18 {[%cal Gf1f7]})
23... Nxe6 24. Nxe6 (24. Rde1 $6 Bd6 25. Nf3 Qg7 {defending successfully.})
24... Qxe6 25. Rde1 $1 {White should not care about such a small detail as Pg4.
} Qxg4 26. Bd4 $2 {This is a typical situation when a player, being on the
offensive, misses a point where it's already necessary to guarantee himself
equality.} (26. Bc5 Bxc5 27. Rxe8+ Rxe8 28. Qxf7+ Kh8 29. Qf6+ {with a
perpetual check was the objective result at this point.}) 26... Qh4 27. Rxe7
Qxe7 28. Re1 (28. Bf6 Qf8 {White does not have anything better than to win
back the exchange which will leave him simply two pawns down.}) 28... Qg5 29.
Re5 (29. h4 Qf5 30. Qxf5 gxf5 31. Rg1 Rd6 32. h5 Kf8 33. Bc5 Ke7 34. Re1+ Kd7
35. Bh3 {would have been objectively better but, who wants to go to a worse
endgame in such a position?!}) 29... Qc1+ 30. Re1 Qg5 31. Re5 f5 {Of course,
no repetition. White's attack evaporates, while Black's extra material decides
the outcome.} 32. h4 Qg4 33. Kh2 (33. Bf3 Qh3+ 34. Kg1 Bf7 $19) 33... dxc4 34.
Bh3 Qd1 35. Re1 Rxd4 $1 (35... Qxd4 $4 {[%tqu "En","Please enter a move for
White.","","","e1e8","",3]} 36. Rxe8+ $1) 36. Rxd1 Rxd1 {Black has too much
material for the queen.} 37. Bf1 Bf7 38. Be2 {White resigned.} 0-1

[Event "Sofia MTel Masters 4th"]
[Site "Sofia"]
[Date "2008.05.12"]
[Round "5"]
[White "Topalov, Veselin"]
[Black "Bu, Xiangzhi"]
[Result "1-0"]
[WhiteElo "2767"]
[BlackElo "2708"]
[Annotator "Postny,E"]
[PlyCount "61"]
[EventDate "2008.05.08"]
[EventType "tourn"]
[EventRounds "10"]
[EventCountry "BUL"]
[EventCategory "20"]
[SourceTitle "CBM 124"]
[Source "ChessBase"]
[SourceDate "2008.05.28"]
[SourceVersion "1"]
[SourceVersionDate "2008.05.28"]
[SourceQuality "1"]

1. d4 d5 2. c4 c6 3. Nf3 Nf6 4. Nc3 dxc4 5. a4 Bf5 6. e3 {This move leads to a
so called Dutch variation of the Slav Defence.} ({The main alternative} 6. Ne5
{leads to sharper lines, which have been played by the Chinese grandmaster for
both colours.}) 6... e6 7. Bxc4 Bb4 8. O-O O-O 9. Qe2 Ne4 {This old move which
was played by Capablanca, Alekhine and Euwe, has recently come back again to
high level tournaments.} ({The main line continues with} 9... Nbd7 10. e4 Bg6
11. Bd3 {where White usually gets a very slight edge.}) 10. Ne5 {This move
appeared only a few times beforehand. The main continuations are 10.Nxe4, 10.
Na2 and 10.Bd3.} Nd7 (10... Nxc3 11. bxc3 Bxc3 12. Ra3 Bb4 13. e4 Bg6 (13...
Bxa3 14. Bxa3 Bg6 15. Bxf8 Kxf8 16. Qb2 Nd7 17. Nxg6+ hxg6 18. Qxb7 $14) 14.
Rh3 Nd7 15. Nxg6 hxg6 16. Bb2 $44 {1-0 Sahl,B (2385)-Parr,E (2229)/Gausdal
2001/CBM 080 ext (42)}) (10... Bxc3 $2 11. bxc3 Nxc3 12. Qb2 $16 {[%csl Rb7,
Rc3]}) 11. Nxd7 ({After} 11. Nxe4 $6 Nxe5 12. dxe5 Bxe4 13. Qg4 Bf5 {Black has
no problems.}) 11... Qxd7 12. Na2 {A typical move in this setup. White saves
his knight from the exchange, and drives the black bishop away. Later on,
White can push b2-b4 seizing some space on the queenside.} Be7 $6 $146 {
Not the best place for the bishop. It has more prospects on c7. Actually, this
is the beginning of Black's troubles in this game.} (12... Ba5 13. b4 Bc7 14.
f3 Nd6 15. Bb3 Bg6 (15... a5 16. e4 $140 Bg6 17. Be3 $2 axb4 18. Nxb4 Nxe4 $1
19. fxe4 Qd6 $17 {[%cal Gd6h2,Gd6b4]}) 16. e4 Rae8 $6 (16... a5 $142) 17. Rd1
f5 18. e5 Nc8 19. b5 Nb6 20. Ba3 Rf7 21. Rac1 $16 {1-0 Van Wely,L (2647)
-Gelfand,B (2723)/Monte Carlo 2006/CBM 111 ext (60)}) 13. f3 Nf6 $6 {This move
is not connected with a concrete plan as well.} (13... Nd6 14. Bb3 Bg6 15. e4
Kh8 $1 16. Be3 f5 17. e5 Ne8 {[%cal Ge8c7,Gc7d5] Black's position is somewhat
cramped but, he has a nice square on d5 as a compensation.}) 14. e4 Bg6 (14...
Qxd4+ $4 15. Be3 $18) 15. Be3 {[%csl Gd4,Ge4]} Qc7 16. Nc1 $1 {Transfering the
knight to an ideal d3 square where it will fight against both c6-c5 and e6-e5.}
a5 (16... c5 {could not solve Black's problems. For instance:} 17. Nb3 cxd4 18.
Bxd4 Rfd8 19. Rfd1 Rac8 20. Rac1 Qb8 21. a5 {[%csl Yg6] White is clearly
better. The main clash is going to be on the queenside, meanwhile, Black's
light-squared bishop is totally out of play.}) 17. Nd3 $16 Nd7 18. Rac1 Rfe8 (
18... e5 19. d5 {is unsatisfactory for Black as well.}) 19. g3 Bd6 20. Nf4 e5
$6 {[%csl Gc4][%cal Gc4g8] It is rather difficult to suggest a reasonable
alternative plan or Black. Still, it would have been better to refrain from
this push, as White's light-squared bishop now becomes exceptionally strong.} (
{Black should adopt a waiting strategy, for example:} 20... Rad8) 21. Nxg6 hxg6
22. f4 exd4 ({After} 22... exf4 23. e5 {the piece sacrifice does not make
Black's life easier:} Nxe5 24. dxe5 Rxe5 25. Rxf4 Rxe3 26. Rxf7 Rxe2 {[%tqu
"En","Should White capture the queen with check?","","","f7f4","",5,"f7c7","",
0]} 27. Rf4+ $1 (27. Rxc7+ $4 Kh7 $11) 27... Kh7 (27... Qf7 28. Rxf7 $18) 28.
Rh4#) 23. Bxd4 b6 (23... Nf8 24. f5 g5 25. Qh5 Rxe4 26. Bxg7 $1 {with a
crushing attack.}) (23... Bb4 24. f5 g5 25. Qh5 Ne5 26. Bxe5 Rxe5 27. f6 $18)
24. f5 $1 {White's attack is irresistible.} g5 25. Qh5 {[%csl Rf7]} Nf6 (25...
Ne5 26. f6 gxf6 27. Rxf6 $18) 26. Bxf6 gxf6 27. Qg6+ Kf8 28. Qxf6 Be5 29. Qxg5
Qe7 30. f6 Bd4+ 31. Rf2 $1 (31. Rf2 Bxf2+ 32. Kf1 $1 $18 (32. Kxf2 $4 Qc5+))
1-0